000 01114aam a2200361 i 4500
999 _c169024
_d169024
001 vtls000836588
003 PNM
005 20180821085600.0
008 170901s2018 my b 000 0 may
015 _aM18-01274
020 _a9789673563722
_qset
020 _a9789673563753
_qpaperback
039 9 _a201805241059
_bhabirah
_c201802060814
_dmariati
_c201801250902
_dsuriani
_c201801171407
_dkhuraisah
040 _aBNM
_beng
_cBNM
_erda
_dPPAK
049 _amal
082 0 4 _a499.2382
_223
090 0 0 _a499.2382
_bFAT
_dK
100 0 _aFatmawati Akip,
_eauthor.
245 1 0 _aKata Kerja Pelbagai Maksud /
_cFatmawati Akip
264 1 _aSeri Kembangan, Selangor :
_bCONTENT PLUS SDN.BHD.,
_c2018
300 _aiv, 52 pages ;
_c23 cm.
336 _atext
_2rdacontent
337 _aunmediated
_2rdamedia
338 _avolume
_2rdacarrier
490 1 _aIndah Bahasa Cerminan Tatabahasa
650 1 0 _aMalay language
_xGrammar
650 2 0 _aMalay language
_xUsage
830 0 _aIndah Bahasa Cerminan Tatabahasa
942 _2ddc
_cB
949 _62000634387
949 _62000634385
949 _62000634384